000 00590cam a2200217 a 4500
001 968793
005 20171220073543.0
008 850124s1985 nyu 000 0 eng
010 _a 85001875
020 _a087332336X
040 _aDLC
_cDLC
_dDLC
041 _aeng
080 _a339.5 KAL
082 0 0 _a339.5 KAL
_219
100 1 _a53
101 _aEKO
245 1 0 _aEconomics without equilibrium /
_cNicholas Kaldor ; with a preface by James Tobin.
504 _aIncludes bibliographical references.
906 _a7
_bcbc
_corignew
_d1
_eocip
_f19
_gy-gencatlg
942 _2ddc
_cBK
999 _c39229
_d39229